书目信息 |
| 题名: |
别把你的顾客丢了
|
|
| 作者: | 巴拉德 , 芬奇 , 布兰佳 著 ;张桦 译 | |
| 分册: | ||
| 出版信息: | 北京 中国人民大学出版社 2006.03 |
|
| 页数: | 196页 | |
| 开本: | 21cm | |
| 丛书名: | 布兰佳管理思想库 | |
| 单 册: | ||
| 中图分类: | F719.2 | |
| 科图分类: | ||
| 主题词: | 饭店--企业管理--经验--世界 | |
| 电子资源: | ||
| ISBN: | 7-300-07209-7 | |
| 000 | 01163nam 2200301 450 | |
| 001 | 004216572 | |
| 005 | 20100816092613.15 | |
| 010 | @a7-300-07209-7@dCNY19.00 | |
| 100 | @a20100515d2006 em y0chiy50 ea | |
| 101 | 1 | @achi@ceng |
| 102 | @aCN@b110000 | |
| 105 | @ay z 000yy | |
| 200 | 1 | @a别把你的顾客丢了@Abie ba ni de gu ke diu le@d= Customer mania!@f(美) 肯·布兰佳, 吉姆·巴拉, 弗雷德·芬奇著@F(mei)ken·bu lan jia,ji mu·ba la,fu lei de·fen qi zhu@g张桦译@Gzhang hua yi@zeng |
| 210 | @a北京@c中国人民大学出版社@d2006.03 | |
| 215 | @a196页@d21cm | |
| 225 | 2 | @a布兰佳管理思想库 |
| 306 | @aBig apple tuttle-mori agency授权出版 | |
| 330 | @a本书描述了客户服务的诀窍——创造以员工为本、以业绩为导向、以顾客为先的企业,解释了为何重视顾客是建立任何成功企业的起点。 | |
| 410 | 0 | @12001 @a布兰佳管理思想库 |
| 500 | 10 | @aCustomer mania!@mChi |
| 606 | 0 | @a饭店@x企业管理@x经验@y世界 |
| 690 | @aF719.2@v4 | |
| 701 | 1 | @a巴拉德@Aba la de@g(Ballard, Jim)@4著 |
| 701 | 1 | @a芬奇@Afen qi@g(Finch, Fred)@4著 |
| 701 | 1 | @a布兰佳@Abu lan jia@g(Blanchard, Ken)@4著 |
| 702 | 0 | @a张桦@Azhang hua@4译 |
| 801 | 0 | @aCN@c20100515 |
| 905 | @dF719.2@eB982@f3 | |
| 别把你的顾客丢了= Customer mania!/(美) 肯·布兰佳, 吉姆·巴拉, 弗雷德·芬奇著/张桦译.-北京:中国人民大学出版社,2006.03 |
| 196页;21cm.-(布兰佳管理思想库) |
| ISBN 7-300-07209-7:CNY19.00 |
| 本书描述了客户服务的诀窍——创造以员工为本、以业绩为导向、以顾客为先的企业,解释了为何重视顾客是建立任何成功企业的起点。 |
| ● |
| 相关链接 |
|
|
|
正题名:别把你的顾客丢了
索取号:F719.2/B982
 
预约/预借
| 序号 | 登录号 | 条形码 | 馆藏地/架位号 | 状态 | 备注 |
| 1 | 1030243 | 210302439 | 社科库409/422社科库 35排1列2层/ [索取号:F719.2/B982] | 在馆 | |
| 2 | 1030244 | 210302448 | 社科库409/422社科库 35排1列2层/ [索取号:F719.2/B982] | 在馆 | |
| 3 | 1030245 | 210302457 | 社科库409/422社科库 35排1列2层/ [索取号:F719.2/B982] | 在馆 |